000 00544nam a2200217Ia 4500
005 20250425161738.0
008 250425s9999 xx 000 0 und d
020 _a0878915478
041 _aeng
082 _a620.106
100 _aFOGIEL, M.
245 0 _aTHE FLUID MECHANICS AND DYNAMICS PROBLEM SOLVER
250 _aS.E.
260 _aEstados Unidos
_bRESEARCH AND EDUCATION ASSOCIATION
_c1983
260 _aPISCATAWAY
300 _a948
650 _aDINAMICA
650 _aMECANICA DE FLUIDOS
942 _c01
010 _a27266
999 _c215241
_d215241